Derecho internacional privado / (Record no. 11249)

000 -CABECERA
fixed length control field 01103nam a22002657a 4500
003 - IDENTIFICADOR DEL NÚMERO DE CONTROL
control field AR-CdUCM
008 - DATOS DE LONGITUD FIJA--INFORMACIÓN GENERAL
fixed length control field 190403b ||||| |||| 00| 0 spa d
040 ## - FUENTE DE LA CATALOGACIÓN
Agencia/entidad que catalogó originalmente la obra MUNICIPALIDAD PROVINCIAL DEL CUSCO
Entidad que transcribió la catalogación BIBLIOTECA MUNICIPAL DEL CUSCO
082 ## - NÚMERO DE LA CLASIFICACIÓN DECIMAL DEWEY
No. de Clasificación 342.849 /
Notacion interna F56
100 ## - ENTRADA PRINCIPAL--NOMBRE DE PERSONA
Nombre Personal Asser, Tobías Michael Carel,
245 ## - MENCIÓN DE TÍTULO
Título Derecho internacional privado /
260 ## - PUBLICACIÓN, DISTRIBUCIÓN, ETC.
Lugar de publicación, distribución, etc. Madrid :
Nombre de la editorial, distribuidor, etc. La España Moderna.
300 ## - DESCRIPCIÓN FÍSICA
Nº de Páginas Extensión 298 paginas ;
Dimensiones 22 cm.
440 ## - MENCIÓN DE SERIE/PUNTO DE ACCESO ADICIONAL--TÍTULO
Título Biblioteca de jurisprudencia, filosofía e historia
9 (RLIN) 28377
505 ## - NOTA DE CONTENIDO CON FORMATO
Nota de contenido formateada Contenido : Noción y objeto del derecho internacional privado -- Estado actual de la ciencia del derecho internacional privado -- Fuentes del derecho internacional privado -- Conflicto de leyes civiles o derecho civil internacional -- De la forma de los actos...
650 ## - PUNTO DE ACCESO ADICIONAL DE MATERIA--TÉRMINO DE MATERIA
Descriptor Derecho internacional privado
9 (RLIN) 9737
650 ## - PUNTO DE ACCESO ADICIONAL DE MATERIA--TÉRMINO DE MATERIA
Descriptor Holanda
9 (RLIN) 28520
650 ## - PUNTO DE ACCESO ADICIONAL DE MATERIA--TÉRMINO DE MATERIA
Descriptor Poder judicial
9 (RLIN) 6955
700 ## - PUNTO DE ACCESO ADICIONAL--NOMBRE DE PERSONA
Nombre Personal Fernadez Prida, Joaquin (Traductor)
9 (RLIN) 28521
700 ## - PUNTO DE ACCESO ADICIONAL--NOMBRE DE PERSONA
Nombre Personal Rivier, Alfonso
9 (RLIN) 28522
942 ## - ELEMENTOS DE PUNTO DE ACCESO ADICIONAL (KOHA)
Fuente de clasificación
Tipo de item Libros-BMC
945 ## - PROCESAMIENTO DE INFORMACIÓN LOCAL (OCLC)
Catalogador wnts
Holdings
Estado de retiro (separado) Fuente de clasificación o esquema de estanterías Estado dañado Ubicación Sala donde se ubica Nombre de la colección Fecha de adquisición o compra Costo, precio normal en soles Signatura topográfica Código de Barras Última vez visto (Koha) Tipo de ítem (Koha)
No     Sala Cusco Antiguo Sala Cusco Antiguo Book Cart 2019-04-03 100.00 342.849 / F56 SCA0001387 2019-04-03 Libros-BMC

Powered by Koha